| 000 | 00548nam a2200181Ia 4500 | ||
|---|---|---|---|
| 005 | 20250326142216.0 | ||
| 008 | 250326s9999 xx 000 0 und d | ||
| 037 | _aTextbook | ||
| 040 |
_aFMSL _beng _cFMSL |
||
| 041 |
_aeng _2eng |
||
| 084 |
_aX:8ogD658(2:55) M8 _qFMSL |
||
| 100 |
_aBanerjee U K _9745739 |
||
| 245 | 0 |
_aManagement Information system: framework _cBanerjee U K; Sachdeva R K |
|
| 260 |
_aNew Delhi _bNew Delhi, Vikas _c1988 |
||
| 300 | _a300p | ||
| 942 |
_cTB _hX:8ogD658(2:55) M8 |
||
| 999 |
_c1293945 _d1293945 |
||